|
|
|
|
| LEADER |
01517nam a22004452a 4500 |
| 001 |
001689250 |
| 003 |
CZ BrMZK |
| 005 |
20190621142025.0 |
| 007 |
ta |
| 008 |
190619s1955 xr a er|||||||||||cze d |
| 015 |
|
|
|a cnb000718860
|
| 035 |
|
|
|a (OCoLC)85443913
|
| 040 |
|
|
|a ABA001
|b cze
|c ULG001
|d ABA001
|d BOA001
|
| 041 |
1 |
|
|a cze
|h rus
|
| 072 |
|
7 |
|a 339
|x Obchod
|2 Konspekt
|9 4
|
| 080 |
|
|
|a 339
|2 MRF
|
| 080 |
|
|
|a 339.187
|2 MRF
|
| 080 |
|
|
|a 331.108.2
|2 MRF
|
| 080 |
|
|
|a (47+57)
|2 MRF
|
| 080 |
|
|
|a (041)
|2 MRF
|
| 100 |
1 |
|
|a Potapov, Ivan Aleksejevič
|4 aut
|
| 245 |
1 |
0 |
|a O práci prodavače /
|c I.A. Potapov ; z ruského originálu ... přeložil a doslov napsal Richard Hassmann ; předmluvu k českému vydání Marie Radová
|
| 250 |
|
|
|a 1. vyd.
|
| 260 |
|
|
|a Praha :
|b Práce,
|c 1955
|
| 300 |
|
|
|a 39 s. :
|b il. ;
|c 8°
|
| 490 |
1 |
|
|a Knižnice Svazu zaměstnanců státního obchodu ;
|v sv. 5
|
| 500 |
|
|
|a 3300 výt.
|
| 650 |
0 |
7 |
|a prodej
|7 ph115885
|2 czenas
|
| 650 |
0 |
7 |
|a obchod
|7 ph115513
|2 czenas
|
| 650 |
0 |
7 |
|a zaměstnanci
|7 ph127532
|2 czenas
|
| 651 |
|
7 |
|a Sovětský svaz
|7 ge128583
|2 czenas
|
| 655 |
|
7 |
|a brožury
|7 fd131925
|2 czenas
|
| 765 |
0 |
|
|t V našem univermage
|9 Česky
|
| 700 |
1 |
|
|a Hassmann, Richard
|7 jx20050922020
|4 trl
|4 waw
|
| 700 |
1 |
|
|a Radová, Marie
|4 wfw
|
| 830 |
|
0 |
|a Knižnice Svazu zaměstnanců státního obchodu
|
| 910 |
|
|
|a BOA001
|b X-0343.829
|
| 990 |
|
|
|a BK
|
| 991 |
|
|
|b 201906
|
| 996 |
6 |
|
|b 2618992277
|c X-0343.829
|l MZK
|r Sklad / do 24 hodin
|n 0
|w 001730469
|u 000010
|a 1
|e BOA001
|j MZK50
|s P
|